| 000 | 06599nam a22010815i 4500 | ||
|---|---|---|---|
| 005 | 20230718140328.0 | ||
| 006 | m|||||o||d|||||||| | ||
| 007 | cr || |||||||| | ||
| 008 | 221201t20222022gw fo d z ger d | ||
| 020 | _a9783839461563 | ||
| 040 |
_aDE-B1597 _beng _cDE-B1597 _erda |
||
| 041 | 0 | _ager | |
| 050 | 4 | _aPT411 | |
| 082 | 0 | 4 |
_a830.9 _223/eng/20220504 |
| 245 | 0 | 0 |
_aPop goes literature - Musiker:innen und Autorschaft / _chrsg. von Christoph Jürgensen. |
| 264 | 1 |
_aBielefeld : _btranscript Verlag, _c[2022] |
|
| 264 | 4 | _c©2022 | |
| 300 | _a1 online resource (230 p.) | ||
| 336 |
_atext _btxt _2rdacontent |
||
| 337 |
_acomputer _bc _2rdamedia |
||
| 338 |
_aonline resource _bcr _2rdacarrier |
||
| 347 |
_atext file _bPDF _2rda |
||
| 490 | 0 |
_aGegenwartsliteratur : TRSGELI ; _v14 |
|
| 505 | 0 | 0 |
_tFrontmatter -- _tInhalt -- _tSie wollen uns erzählen: Pop(artist) goes literature -- _tVon Fischen, die in Kinos singen -- _t»Heute ist wieder ein Tag.« Oder: »If you work it will lead to something.« -- _t»Oh, ein Musiker hat ein Buch geschrieben, Hurrah« -- _t»Ich erzähle dir alles, und alles ist wahr« -- _tEigenständige Texte oder vertonte Gedichte? - Die Lyrics und Lyrik Lydia Dahers -- _tParadies oder Abgrund? Utopie- und Dystopiegedanken in Musik und Literatur -- _tVom Unsinn und Nutzen der Artbegegnungen: Judith Holofernes' Tiergedichte aus Sicht des Animal Turn -- _t»immer haben Typen wie du, was auf die Fresse verdient« -- _tUnschuld in Gefahr - Kinder und Gewalt in Till Lindemanns Lyrik -- _t»Ungemütlich. Gnadenlos. Entseelt.« -- _tMagical Mystery - Der Mythos Musiktour bei Sven Regener -- _t»Ich lese fast nie in Buchhandlungen« - Ein Gespräch mit Thorsten Nagelschmidt |
| 506 | 0 |
_funrestricted online access _2star |
|
| 520 | _aIm deutschsprachigen Raum gibt es seit den 2010er Jahren immer mehr Popliteratur in einem anderen Sinne: Autor*innen nämlich, die das popkulturelle Feld zuerst als Musiker*in betreten haben und später Bücher publizieren. Diese Feldwechsel sind für Verlage und für die Akteur*innen äußert lukrativ und attraktiv. Die knappe Währung Aufmerksamkeit wird im Übermaß ausgeschüttet, wenn jemand mit einem gewissen Bekanntheitsgrad aufbricht und den literarischen Kampfplatz betritt. Die Beiträger*innen kartographieren das expandierende Feld der popliterarischen Musiker*innenromane und -texte mit besonderem Fokus auf ästhetische Verfahren und Künstler*inneninszenierung.Mit Beiträgen u.a. von Manja Präkels und Hendrik Otremba sowie einem Interview mit Thorsten Nagelschmidt. | ||
| 536 | _afunded by Rainer Markgraf Stiftung | ||
| 538 | _aMode of access: Internet via World Wide Web. | ||
| 540 |
_aThis eBook is made available Open Access under a CC BY 4.0 license: _uhttps://creativecommons.org/licenses/by/4.0 _uhttps://www.degruyter.com/dg/page/open-access-policy |
||
| 546 | _aIn German. | ||
| 588 | 0 | _aDescription based on online resource; title from PDF title page (publisher's Web site, viewed 01. Dez 2022) | |
| 650 | 0 | _aAuthors, German. | |
| 650 | 0 |
_aPopular literature _zGermany _xHistory and criticism. |
|
| 650 | 4 | _aAutorschaft. | |
| 650 | 4 | _aBela B. | |
| 650 | 4 | _aDeutschland. | |
| 650 | 4 | _aErzählen. | |
| 650 | 4 | _aFeldwechsel. | |
| 650 | 4 | _aGegenwartsliteratur. | |
| 650 | 4 | _aGermanistik. | |
| 650 | 4 | _aKulturwissenschaft. | |
| 650 | 4 | _aLiteratur. | |
| 650 | 4 | _aLiteraturwissenschaft. | |
| 650 | 4 | _aLyrik. | |
| 650 | 4 | _aMusik. | |
| 650 | 4 | _aPopkultur. | |
| 650 | 4 | _aRoman. | |
| 650 | 4 | _aSven Regener. | |
| 650 | 4 | _aThorsten Nagelschmidt. | |
| 650 | 7 |
_aLITERARY CRITICISM / European / German. _2bisacsh |
|
| 653 | _aAuthorship. | ||
| 653 | _aBela B. | ||
| 653 | _aContemporary Literature. | ||
| 653 | _aCultural Studies. | ||
| 653 | _aField Change. | ||
| 653 | _aGerman Literature. | ||
| 653 | _aGermany. | ||
| 653 | _aLiterary Studies. | ||
| 653 | _aLiterature. | ||
| 653 | _aMusic. | ||
| 653 | _aNovel. | ||
| 653 | _aPoetry. | ||
| 653 | _aPopular Culture. | ||
| 653 | _aStorytelling. | ||
| 653 | _aSven Regener. | ||
| 653 | _aThorsten Nagelschmidt. | ||
| 700 | 1 |
_aBuschbeck, Celine, _econtributor. _4ctb _4https://id.loc.gov/vocabulary/relators/ctb |
|
| 700 | 1 |
_aFuchs, Alicia, _econtributor. _4ctb _4https://id.loc.gov/vocabulary/relators/ctb |
|
| 700 | 1 |
_aGrest, Leon, _econtributor. _4ctb _4https://id.loc.gov/vocabulary/relators/ctb |
|
| 700 | 1 |
_aGöbel, Lennart, _econtributor. _4ctb _4https://id.loc.gov/vocabulary/relators/ctb |
|
| 700 | 1 |
_aGötz, Anja, _econtributor. _4ctb _4https://id.loc.gov/vocabulary/relators/ctb |
|
| 700 | 1 |
_aHartmann, Marlene, _econtributor. _4ctb _4https://id.loc.gov/vocabulary/relators/ctb |
|
| 700 | 1 |
_aIngold, Julia, _econtributor. _4ctb _4https://id.loc.gov/vocabulary/relators/ctb |
|
| 700 | 1 |
_aJürgensen, Christoph, _econtributor. _4ctb _4https://id.loc.gov/vocabulary/relators/ctb |
|
| 700 | 1 |
_aJürgensen, Christoph, _eeditor. _4edt _4http://id.loc.gov/vocabulary/relators/edt |
|
| 700 | 1 |
_aKuhr, Martje, _econtributor. _4ctb _4https://id.loc.gov/vocabulary/relators/ctb |
|
| 700 | 1 |
_aLemke, Paulina, _econtributor. _4ctb _4https://id.loc.gov/vocabulary/relators/ctb |
|
| 700 | 1 |
_aMayer, Lotta, _econtributor. _4ctb _4https://id.loc.gov/vocabulary/relators/ctb |
|
| 700 | 1 |
_aMück, Michelle, _econtributor. _4ctb _4https://id.loc.gov/vocabulary/relators/ctb |
|
| 700 | 1 |
_aOtremba, Hendrik, _econtributor. _4ctb _4https://id.loc.gov/vocabulary/relators/ctb |
|
| 700 | 1 |
_aPräkels, Manja, _econtributor. _4ctb _4https://id.loc.gov/vocabulary/relators/ctb |
|
| 700 | 1 |
_aQuicker, Pascal, _econtributor. _4ctb _4https://id.loc.gov/vocabulary/relators/ctb |
|
| 700 | 1 |
_aRaschke, Katina, _econtributor. _4ctb _4https://id.loc.gov/vocabulary/relators/ctb |
|
| 700 | 1 |
_aStrecker, Miriam, _econtributor. _4ctb _4https://id.loc.gov/vocabulary/relators/ctb |
|
| 700 | 1 |
_aTiemann, Christian, _econtributor. _4ctb _4https://id.loc.gov/vocabulary/relators/ctb |
|
| 700 | 1 |
_aWenk, Sarah, _econtributor. _4ctb _4https://id.loc.gov/vocabulary/relators/ctb |
|
| 700 | 1 |
_aWieland, Jasmin, _econtributor. _4ctb _4https://id.loc.gov/vocabulary/relators/ctb |
|
| 710 | 2 |
_aRainer Markgraf Stiftung _efunder. _4fnd _4http://id.loc.gov/vocabulary/relators/fnd |
|
| 856 | 4 | 0 |
_uhttps://doi.org/10.1515/9783839461563?locatt=mode:legacy _zOpen Access _70 |
| 856 | 4 | 0 |
_uhttps://www.degruyter.com/isbn/9783839461563 _zOpen Access _70 |
| 856 | 4 | 2 |
_3Cover _uhttps://www.degruyter.com/document/cover/isbn/9783839461563/original |
| 942 | _cE-BOOK | ||
| 999 |
_c70550 _d70549 |
||